| 000 | 00413nam a22001697a 4500 | ||
|---|---|---|---|
| 005 | 20160521113403.0 | ||
| 008 | 160521b xxu||||| |||| 00| 0 eng d | ||
| 020 | _a0-07-463771-1 | ||
| 041 | _aeng | ||
| 082 | _b3731 | ||
| 100 |
_aI.J.Nagrath S.N.Sharan Rakesh Ranjan _9945 |
||
| 245 | _aSignals and Systems | ||
| 260 |
_aNew Delhi _bTMH, |
||
| 300 | _a586 | ||
| 650 |
_aDIPLOMA ENGINEERING _9817 |
||
| 942 | _cBK | ||
| 999 |
_c1287 _d1287 |
||